Statistiche per Isole appartenti all'Italia per dimensione

Clicka qui per fare il quiz!

Statistiche generali

  • Questo quiz è stato fatto 1.213 volte
  • Il punteggio medio è 11 su 24

Statistiche sulle risposte

Superficie (km²)ProvinciaNome Isola% Corretto
23 812,6--------------Sardegna
95%
25 426,2--------------Sicilia
95%
223,5LivornoElba
92%
10,4NapoliCapri
76%
46,4NapoliIschia
75%
20,2AgrigentoLampedusa
66%
20,9MessinaVulcano
66%
12,2MessinaStromboli
61%
21,2GrossetoGiglio
60%
83,0TrapaniPantelleria
55%
37,3MessinaLipari
54%
51,23SassariAsinara
40%
19,8TrapaniFavignana
37%
19,3LivornoCapraia
34%
10,4LivornoMontecristo
33%
108,9Sud SardegnaSant'Antioco
31%
20,1SassariLa Maddalena
29%
26,1MessinaSalina
26%
15,8SassariCaprera
25%
51,3Sud SardegnaSan Pietro
22%
10,3LivornoPianosa
21%
12,3TrapaniMarettimo
18%
12RomaSacra
9%
10VeneziaSottomarina
9%

Distribuzione punteggi

Percentile per numero di risposta

Percentuale di utenti per punteggio

I tuoi punteggi nel tempo

Non hai fatto questo quiz